MATHEMATICS QUIZ (Record no. 6717)
[ view plain ]
| 000 -LEADER | |
|---|---|
| fixed length control field | 00520nam a22001337a 4500 |
| 020 ## - INTERNATIONAL STANDARD BOOK NUMBER | |
| ISBN | 8117-5000-02-0913 |
| 082 ## - DEWEY DECIMAL CLASSIFICATION NUMBER | |
| Classification number | 001 |
| Item number | lub/m |
| 100 ## - MAIN ENTRY--AUTHOR NAME | |
| Personal name | lubin.n |
| 245 ## - TITLE STATEMENT | |
| Title | MATHEMATICS QUIZ |
| 260 ## - PUBLICATION, DISTRIBUTION, ETC. (IMPRINT) | |
| Place of publication | THRISSUR |
| Name of publisher | H & C PUBLISHING HOUSE |
| Year of publication | 2013 |
| 300 ## - PHYSICAL DESCRIPTION | |
| Number of Pages | 96 |
| 520 ## - SUMMARY, ETC. | |
| Summary, etc | A quiz in mathematics is a short examination designed to gauge a student's grasp of the subject over a relatively brief period. Using quizzes like this is a great way to gauge a student body's mathematics knowledge, ability, and potential. |
| 942 ## - ADDED ENTRY ELEMENTS (KOHA) | |
| Koha item type | Books |
| Withdrawn status | Lost status | Collection code | Home library | Current library | Shelving location | Date acquired | Source of acquisition | Cost, normal purchase price | Full call number | Accession Number | Koha item type |
|---|---|---|---|---|---|---|---|---|---|---|---|
| Reference | Main Library | Main Library | SHELF-17C--MATHS RELATED QUIZ BOOK | 23/03/2015 | Purchase | 20.00 | 001 lub/m | 06193 | Books | ||
| Reference | Main Library | Main Library | SHELF-17C--MATHS RELATED QUIZ BOOK | 03/06/2017 | Purchase | 20.00 | 001 lub/m | 04527 | Books |